000
00261nam a22001217a 4500
999
_c
157219
_d
157219
082
_a
_b
100
_a
Mangal SK
245
_a
An introduction to psychology/
_c
by Mangal SK.
260
_a
_b
Sterling,
_c
2007.
300
_a
218p.
650
_a
942
_c
BK